Responses for Show #8141 - Monday, January 20, 2020

Contestants

[<< previous game]

Traci Mack, a media executive from Campbell, California

Matthew Neff, a CFO from Chicago, Illinois

Dennis Coffey, a bartender from Old Orchard Beach, Maine (whose 1-day cash winnings total $21,601)

[next game >>]

Jeopardy! Round responses

LITERATURE: THE SUBTITLE
HOLIDAYS AROUND THE WORLD
EMMY WINNERS FOR BEST ACTRESS IN A DRAMA
NIAGARA FALLS
SLOWLY I TURNED
"STEP" BY STEP
    $200 13
Peter Pan

Traci
    $200 18
Noah

Traci
    $200 8
Kyra Sedgwick

Traci
    $200 1
[NOTE: This was the 385,000th clue entered into the J! Archive, on 2020-01-20.]

a barrel

Traci
    $200 26
(Alex: Less than a minute now.)

its axis

Traci
    $200 2
step brothers

Matthew
    $400 14
Roots

Matthew
    $400 19
Cinco de Mayo

Matthew
    $400 9
Gillian Anderson

Traci
    $400 4
hydroelectric

Traci
    $400 27
pottery

Traci
    $400 3
step on a crack

Dennis
    $1,200 15
Oliver Twist

Matthew
    $600 20
Navidad

Dennis
    $600 10
Julianna Margulies

Traci
    $600 23
(Dennis: What's the Welland Canal?)

the Erie Canal

DennisMatthew
    $600 30
a spit

Dennis
    $600 5
Steppenwolf

Matthew
    $800 16
Madame Bovary

Dennis
    $800 21
(Traci: Who's the Easter Bunny?)

the groundhog

Traci
Triple Stumper
    $800 11
(Traci: Who is Claire Foreman?)

Claire Foy

Traci
Triple Stumper
    $800 24
Ontario

Matthew
    $800 29
tai chi

Matthew
    $800 6
(Dennis: What is step out of the box?)

step up to the plate

DennisTraci
    $1000 17
Zen and the Art of Motorcycle Maintenance

Triple Stumper
    $1000 22
Ash Wednesday

Triple Stumper
    $1000 12
Thirtysomething

Traci
    $1000 25
the Maid of the Mist

Dennis
    $1000 28
(Traci: What is a battleship?)

an aircraft carrier

DennisTraci
    $1000 7
the Spanish Steps

Traci

Scores at the first commercial break (after clue 15):

Dennis Matthew Traci
-$400 $2,400 $4,000

Scores at the end of the Jeopardy! Round:

Dennis Matthew Traci
$3,000 $5,000 $3,000

Double Jeopardy! Round responses

FRENCH ARTS & CULTURE
HIDDEN TREASURE
(Alex: Each response will contain a gem or precious metal found within the text of the clue itself.)
LIBRARIES
SECOND CITY ALUMNI
THE AMERICAS BEFORE COLUMBUS
COME TO YOUR CENSUS
    $400 10
gold (in Mongol Dynasty)

Matthew
    $400 26
(Matthew: What are movies or films?)

scripts or screenplays

Matthew
Triple Stumper
    $400 5
Jane Lynch

Traci
    $400 28
[The end-of-round signal sounds.]

the Sun

Dennis
    $400 27
April 1st

Traci
    $800 2
the Sorbonne

Dennis
    $800 11
ruby (in rub you)

Traci
    $1,000 25
(Alex: [Prior to the wager] Less than a minute now, Traci.)

Laura Bush

Traci
    $800 6
(Dennis: Who is, uh, Wayne Rogers?)
(Traci: Who's Jamie Farr?)

Alan Alda

DennisTraci
Triple Stumper
    $800 15
the Inca

Matthew
    $800 21
California

Dennis
    $1200 1
[Dennis selected the first clue.]

Victor Hugo

Triple Stumper
    $1200 12
platinum (in splat in Umria)

Traci
    $1200 24
Rio de Janeiro

Traci
    $1200 7
Silicon Valley

Traci
    $1200 16
Mesa Verde

Dennis
    $1200 17
citizenship

Dennis
    $1600 3
(Matthew: What is the Moulin Rouge?)

Folies Bergère

Matthew
Triple Stumper
    $1600 13
diamond (in encyclopedia Monday)

Traci
    $1600 23
the Library of Congress

Matthew
    $1600 8
(Dennis: Who is Andrea Martin?)

Catherine O'Hara

DennisTraci
    $3,500 22
vulcanization

Dennis
    $1600 18
Virginia

Dennis
    $2000 4
Givenchy

Traci
    $2000 14
sapphire (in this app hires)

Matthew
    $2000 9
Big Hero 6

Traci
    $2000 20
the Olmecs

Traci
    $2000 19
UNIVAC

Triple Stumper

Scores at the end of the Double Jeopardy! Round:

Dennis Matthew Traci
$10,100 $7,800 $17,600

[wagering suggestions for these scores]

Final Jeopardy! Round responses

CABINET POSITIONS
MatthewWhat are Secretrary of State, Treasury
$7,600
DennisWhat are Secretary of State + Attorney Genl
$7,501
TraciWhat is Secretary of State + Speaker of the House
$2,601
Secretary of State & Attorney General

Final scores:

Dennis Matthew Traci
$17,601 $200 $14,999
2-day champion: $39,202 3rd place: $1,000 2nd place: $2,000

Game dynamics:

Coryat scores:

Dennis Matthew Traci
$8,200 $7,200 $17,400
13 R
(including 1 DD),
4 W
12 R
(including 1 DD),
2 W
24 R
(including 1 DD),
4 W

Combined Coryat: $32,800

[game clues] [game scores] [suggest correction]

Game tape date: 2019-11-13
The J! Archive is created by fans, for fans. Scraping, republication, monetization, and malicious use prohibited; this site may use cookies and collect identifying information. See terms. The Jeopardy! game show and all elements thereof, including but not limited to copyright and trademark thereto, are the property of Jeopardy Productions, Inc. and are protected under law. This website is not affiliated with, sponsored by, or operated by Jeopardy Productions, Inc. Join the discussion at JBoard.tv.